000 00310 a2200157 4500
001 185633
020 _a
040 _cMagnum
100 _aBandeira, Manuel
240 1 0 _aGonçalves Dias
_lpor
245 1 0 _aGonçalves Dias
300 _a
362 0 _a1960
697 _aLITERATURA GERAL
942 _cBK
999 _c185633
_d185633